000 00712nam a2200289Ia 4500
005 20260324123819.0
008 008 260324s9999 xx 000 0 eng d
020 _a9780203832295
037 _aEBOOK
040 _aCRL
040 _beng
040 _cCRL
041 _2eng
041 _aeng
084 _qCRL
100 _aGeoffrey Wood; Terence Mills; Nicholas Crafts
_91171746
245 0 _aMonetary and Banking History
245 0 _bEssays in Honour of Forrest Capie
260 _bTaylor and Francis
260 _c2011
365 _a
365 _b255
856 _uhttp://www.taylorfrancis.com/books/9780203832295
942 _cEBOOK
999 _c1765591
_d1765591